Odgadnij polityka po fryzurze - #1 - Statystyki

Ogólne statystyki
  • Ten quiz został rozwiązany 614 razy
  • Średni wynik to 11 z 16
Statystyki odpowiedzi
Obrazkowy Odpowiedź % Poprawnych
Andrzej Duda
100%
Donald Tusk
99%
Szymon Hołownia
96%
Krzysztof Bosak
93%
Sławomir Mentzen
93%
Jarosław Kaczyński
89%
Robert Biedroń
82%
Zbigniew Ziobro
80%
Rafał Trzaskowski
75%
Władysław Kosiniak-Kamysz
65%
Janusz Korwin-Mikke
56%
Ryszard Petru
50%
Mariusz Błaszczak
46%
Mariusz Kamiński
46%
Adrian Zandberg
43%
Mateusz Morawiecki
22%
Nie znaleziono quizów pasujących do podanych kryteriów
Rozkład punktacji
Procent ludzi z każdym wynikiem
Percentyl według liczby udzielonych odpowiedzi
Twoja historia wyników
Nie rozwiązałeś tego quizu